| 000 | 00737 a2200193 4500 | ||
|---|---|---|---|
| 003 | NUST | ||
| 005 | 20251125152747.0 | ||
| 040 | _cNust | ||
| 082 | _a621.382,MAH | ||
| 100 |
_aMahmood, Sarah (TCC-20) _9132078 |
||
| 245 |
_aDesign And Implementation Of Network Controlled Eye / _cSarah Mahmood and Aqsa Malik |
||
| 260 |
_aRawalpindi _bMCS (NUST) _c2012 |
||
| 300 | _axiv,63 p.; | ||
| 505 | _aIntroduction (Page-1), Literature Review (Page-7), Project Design (Page-18), System Modules (Page-27), Testing (Page-40), Future Enhancements and Conclusion (Page-44), Bibliography (Page-63). | ||
| 650 |
_aUG Projects _998716 |
||
| 651 |
_aTCC-20 _9131219 |
||
| 700 |
_aSupervised by Maj Asim Rasheed Chaudhry _9132079 |
||
| 942 |
_cPR _2ddc |
||
| 999 |
_c190726 _d190726 |
||